Lesław Niziński

Titel: Lesław Niziński : Nie tylko przywracanie blasku / Grzegorz Weigt
Verfasser:
In: Ziemia Prudnicka, Band 3 (2003), Seite 198-204, il. 5
alle Artikel anzeigen
Veröffentlicht: 2003
Format: Aufsatz
Sprache: Polnisch
Schlagworte:
Kein Bild verfügbar
X
alg: 39252450
001A    $01999:11-11-16 
001B    $03025:25-04-24 $t11:08:11.000 
001D    $01999:11-11-16 
001U    $0utf8 
001X    $00 
002@    $0Aox 
002C    $aText $btxt $2rdacontent 
002D    $aohne Hilfsmittel zu benutzen $bn $2rdamedia 
002E    $aBand $bnc $2rdacarrier 
003@    $0392524503 
007A    $0392524503 $aHEB 
007T    $0Herdc0063986m 
010@    $apol 
011@    $a2003 
021A    $a@Lesław Niziński $dNie tylko przywracanie blasku $hGrzegorz Weigt 
028A    $aWeigt $BVerfasser $dGrzegorz $4aut 
031A    $d3 $h198-204, il. 5 $j2003 
039B    $aEnthalten in $8--Abvc--. Ziemia Prudnicka. - Prudnik : Spółka Wydawn. "Aneks", 2002-. - ISSN 1642-977X $x200300000030000802 $9112106501 
044K    $71327363119 $8Niziński, Lesław$Z1945-2009 [Tp3] $9517462850 
044K    $ROberglogau $#Oberglogau $75057306-8 $8Głogówek [Tg1] $9044719264 
044K    $RDenkmalschutz $RRestaurierung $#Historic buildings Conservation and restoration $#Monuments historiques Conservation et restauration $#Edificios históricos Restauración $74011455-7 $8Denkmalpflege [Ts1] $9085023310 
045F    $a929.09438 $eDDC23BSB 
045F/01 $a929 
045F/03 $g438 
045F/03 $g4385 
045T    $a7,41 
046C    $aLesław Niziński. Nicht nur den Glanz wiederherstellen $bÜbersetzung des Haupttitels 

lok: 39252450 78

exp: 39252450 78 1 #EPN
201B/01 $025-04-24 $t09:54:16.000 
201U/01 $0utf8 
203@/01 $0788622404 
208@/01 $a11-11-16 $be 
209A/01 $a/ $f000 $x00 
220C/01 $aTitelaufnehmer: pg;KS 
220C/01 $aHerkunft: HI Marburg;*s 
244Z/01 $2Trx $#Poola $#Lenkija $#Polija $#Polen Land $#Poland $#Lengyelország $#Poľsko $#Polsko $8--Trx--Polska$gkraj $x01 $9391345966 
244Z/01 $2Trx $#Silesia $#Śląsk $#Sliezsko $#Slezsko $8--Trx--Schlesien $x02 $9391173987 
244Z/01 $#Oberglogau $75057306-8 $8--Tg1--Głogówek $x03 $9044719264 
244Z/01 $2Trx $#Oppelner Schlesien $#Opolszczyzna $8--Trx--Śląsk Opolski $x04 $9391304674 
244Z/01 $aGeschichte 1960-2002 $x05 
244Z/01 $2Trx $71327363119 $8--Tp3--Niziński, Lesław$Z1945-2009 $x06 $9517462850 
244Z/01 $2Trx $#mälestusmärgi hooldus ja kaitse $#paminklų konservavimas ir apsauga $#preservation of monuments $#müemlékvédelem és ápolás $#konserwacja i ochrona zabytków $#pamiatková starostlivosť a ochrana $#památková péče a ochrana $8--Trx--Denkmalpflege und -schutz $x07 $9391355635 
244Z/01 $2Trx $8--Trx--Zeitschriftenaufsatz $x08 $9391384341 
245Z/01 $a12.03 $x01 
247C/01 $82080>Marburg/Lahn, Herder-Institut, Forschungsbibliothek, Bibliographieportal $9336309341
LEADER 00000caa a22000002c 4500
001 392524503
003 DE-603
005 20240425110811.0
007 tu
008 161111s2003 xx |||| | u00||u|pol c
035 |a (DE-599)HEB392524503 
040 |a DE-603  |b ger  |c DE-603  |d DE-603 
041 |a pol 
082 0 4 |8 1\u  |a 929.09438  |q DE-101  |2 23/BSB 
084 |a 7,41  |2 ssgn 
085 |8 1\u  |b 929 
085 |8 1\u  |z 2  |s 438 
085 |8 1\u  |z 2  |s 4385 
100 1 |a Weigt, Grzegorz  |e Verfasser  |4 aut 
245 0 0 |a Lesław Niziński  |b Nie tylko przywracanie blasku  |c Grzegorz Weigt 
246 1 |i Übersetzung des Haupttitels  |a Lesław Niziński. Nicht nur den Glanz wiederherstellen 
264 0 |c 2003 
336 |a Text  |b txt  |2 rdacontent 
337 |a ohne Hilfsmittel zu benutzen  |b n  |2 rdamedia 
338 |a Band  |b nc  |2 rdacarrier 
600 1 7 |a Niziński, Lesław  |d 1945-2009  |0 (DE-588)1327363119  |0 (DE-603)517462850  |2 gnd 
650 7 |a Denkmalpflege  |0 (DE-588)4011455-7  |0 (DE-603)085023310  |2 gnd 
651 7 |a Głogówek  |0 (DE-588)5057306-8  |0 (DE-603)044719264  |2 gnd 
773 0 8 |i Enthalten in  |t Ziemia Prudnicka  |d Prudnik : Spółka Wydawn. "Aneks", 2002-  |x 1642-977X  |g Band 3 (2003), Seite 198-204, il. 5  |w (DE-603)112106501  |w (DE-600)2111590-4 
924 0 |9 2080  |a (DE-603)788622404  |b DE-2080  |c HES  |d d  |g /